000 00627cam a2200145 4500500
005 20260111142232.0
041 _afre
042 _adc
100 1 0 _aMoureau, François
_eauthor
245 0 0 _aAude Prigot, La Réception de Rembrandt à travers les estampes en France au XVIIIe siècle, préf. Ger Luijten, Presses universitaires de Rennes, coll. “Art & Société”, 2018, 285 p., 151 ill.
260 _c2019.
500 _a3
786 0 _nDix-huitième siècle | 51 | 1 | 2019-07-17 | p. C-C | 0070-6760
856 4 1 _uhttps://shs.cairn.info/revue-dix-huitieme-siecle-2019-1-page-C?lang=fr&redirect-ssocas=7080
999 _c1635836
_d1635836